[Event "BCF-chT3N 1920 (4NCL)"]
[Site "England"]
[Date "2020.01.11"]
[Round "3.43"]
[White "Jamieson, Ian M"]
[Black "Jayawarna, Tarini"]
[Result "1-0"]
[WhiteElo "1990"]
[BlackElo "1637"]
[PlyCount "79"]
[EventDate "2019.11.09"]
[EventType "team-swiss"]
[EventRounds "11"]
[EventCountry "ENG"]
[SourceTitle "EXT 2022"]
[Source "ChessBase"]
[SourceDate "2021.10.06"]
[SourceVersion "1"]
[SourceVersionDate "2021.10.06"]
[SourceQuality "1"]
[WhiteTeam "Shropshire"]
[BlackTeam "Manchester Manticores IV"]
[WhiteTeamCountry "ENG"]
[BlackTeamCountry "ENG"]

1. b3 e5 2. Bb2 d6 3. d4 e4 4. e3 Nf6 5. c4 c6 6. Ne2 d5 7. Qd2 Be7 8. Ba3 0-0 9. Bxe7 Qxe7 10. Nbc3 Na6 11. Nf4 Nc7 12. Be2 Ne6 13. Nh3 Bd7 14. 0-0 h6 15. f4 exf3 16. Bxf3 Nc7 17. Nf4 dxc4 18. bxc4 Bg4 19. Nd3 Bxf3 20. gxf3 Rfe8 21. Rae1 Rad8 22. Kh1 Kh8 23. Rg1 Rg8 24. Ne5 Ne6 25. f4 Nc5 26. Qc2 Ncd7 27. Ref1 Nf8 28. c5 N8h7 29. Qb3 Nd5 30. Nxd5 cxd5 31. Rb1 Rb8 32. Qxd5 Rgf8 33. Qg2 Rg8 34. Nc6 Qe8 35. Nxb8 Qxb8 36. Rxb7 Qe8 37. Rxa7 g6 38. e4 Nf6 39. e5 Nh5 40. Qe4 1-0

[Event "BCF-chT3N 1920 (4NCL)"]
[Site "England"]
[Date "2019.11.09"]
[Round "1.44"]
[White "Connor, Michael"]
[Black "Jamieson, Ian M"]
[Result "0-1"]
[WhiteElo "1802"]
[BlackElo "1990"]
[PlyCount "54"]
[EventDate "2019.11.09"]
[EventType "team-swiss"]
[EventRounds "11"]
[EventCountry "ENG"]
[SourceTitle "EXT 2022"]
[Source "ChessBase"]
[SourceDate "2021.10.06"]
[SourceVersion "1"]
[SourceVersionDate "2021.10.06"]
[SourceQuality "1"]
[WhiteTeam "J'Adoube II"]
[BlackTeam "Shropshire"]
[WhiteTeamCountry "ENG"]
[BlackTeamCountry "ENG"]

1. d4 e6 2. c4 f5 3. g4 Bb4+ 4. Bd2 a5 5. gxf5 exf5 6. Bg2 Nf6 7. Nc3 Qe7 8. Nf3 Bxc3 9. Bxc3 Ne4 10. Rc1 d6 11. 0-0 Nd7 12. Qd3 Ndf6 13. Nd2 Nxc3 14. Rxc3 0-0 15. f3 f4 16. Rfc1 Nh5 17. e4 Rf6 18. Kf1 Rg6 19. Qe2 b6 20. e5 Qh4 21. Ne4 Qxh2 22. R1c2 Rxg2 23. Qxg2 Bh3 24. Rf2 Qh1+ 25. Ke2 Bxg2 26. exd6 cxd6 27. Rd3 Ng3+ 0-1

[Event "BCF-chT4S 1819 (4NCL)"]
[Site "England"]
[Date "2019.04.13"]
[Round "7.84"]
[White "Hedger, Alec"]
[Black "Jamieson, Ian M"]
[Result "1/2-1/2"]
[WhiteElo "1727"]
[BlackElo "1967"]
[PlyCount "131"]
[EventDate "2018.11.17"]
[EventType "team-swiss"]
[EventRounds "11"]
[EventCountry "ENG"]
[SourceTitle "EXT 2021"]
[Source "ChessBase"]
[SourceDate "2020.10.23"]
[SourceVersion "1"]
[SourceVersionDate "2020.10.23"]
[SourceQuality "1"]
[WhiteTeam "Sussex Martlets III"]
[BlackTeam "Shropshire II"]
[WhiteTeamCountry "ENG"]
[BlackTeamCountry "ENG"]

1. e4 Nf6 2. e5 Nd5 3. Bc4 Nb6 4. Bb3 d5 5. exd6 cxd6 6. Nf3 Nc6 7. c3 d5 8. d4 Bf5 9. Bg5 h6 10. Bh4 Qd7 11. 0-0 e6 12. Re1 Bd6 13. Nbd2 0-0 14. Bc2 Bxc2 15. Qxc2 Rac8 16. Rad1 f5 17. h3 Qf7 18. Qb1 Rfe8 19. Re2 Nd7 20. Rde1 Nf8 21. Bg3 f4 22. Bh2 b5 23. Qd3 Rb8 24. b4 g5 25. Nb3 Ng6 26. Qd2 e5 27. dxe5 Bxe5 28. Nxe5 Ngxe5 29. Kf1 Kf8 30. f3 Nc4 31. Qc1 N6e5 32. Bg1 Nd3 33. Rxe8+ Rxe8 34. Rxe8+ Qxe8 35. Qd1 Ne3+ 36. Bxe3 Qxe3 37. Qe2 d4 38. Qxe3 dxe3 39. Ke2 Nb2 40. Nd4 a6 41. Ne6+ Ke7 42. Nc5 Kd6 43. g3 a5 44. Ne4+ Kc6 45. bxa5 Nc4 46. a6 Kb6 47. gxf4 gxf4 48. a7 Kxa7 49. Nc5 Ne5 50. h4 b4 51. cxb4 Nc6 52. Ne6 Nxb4 53. Nxf4 Nxa2 54. Nd5 Kb7 55. Kxe3 Kc6 56. Ke4 Kd6 57. f4 Nc1 58. Nc3 Ke6 59. f5+ Kf7 60. h5 Nb3 61. Nd5 Nc5+ 62. Kd4 Nd7 63. Ne3 Kf6 64. Kd5 Kg5 65. Ke6 Nf6 66. Ke5 1/2-1/2

[Event "BCF-chT4S 1819 (4NCL)"]
[Site "England"]
[Date "2019.02.09"]
[Round "5.76"]
[White "Woolgar, Steven G"]
[Black "Jamieson, Ian M"]
[Result "0-1"]
[WhiteElo "1652"]
[BlackElo "1967"]
[PlyCount "108"]
[EventDate "2018.11.17"]
[EventType "team-swiss"]
[EventRounds "11"]
[EventCountry "ENG"]
[SourceTitle "EXT 2021"]
[Source "ChessBase"]
[SourceDate "2020.10.23"]
[SourceVersion "1"]
[SourceVersionDate "2020.10.23"]
[SourceQuality "1"]
[WhiteTeam "Throw in the Tal"]
[BlackTeam "Shropshire II"]
[WhiteTeamCountry "ENG"]
[BlackTeamCountry "ENG"]

1. c4 f5 2. Nf3 Nf6 3. Nc3 e6 4. g3 Be7 5. Bg2 0-0 6. 0-0 Qe8 7. d3 Qh5 8. e4 fxe4 9. dxe4 Nc6 10. Be3 e5 11. h4 d6 12. Nh2 Qxd1 13. Raxd1 Be6 14. b3 Ng4 15. Nxg4 Bxg4 16. f3 Be6 17. Nd5 Bd8 18. Rd2 a5 19. a3 h6 20. c5 dxc5 21. Bxc5 Rf7 22. b4 axb4 23. axb4 g5 24. b5 Nd4 25. Bxd4 exd4 26. Rxd4 c6 27. bxc6 bxc6 28. Ne3 Bb6 29. Rd3 Bc4 30. Rfd1 Bxd3 31. Rxd3 Ra1+ 32. Kh2 gxh4 33. gxh4 Bxe3 34. Rxe3 Ra2 35. Kh3 Rg7 36. Bf1 Ra1 37. Bc4+ Kf8 38. Kh2 Rc1 39. Be6 Rc2+ 40. Kh3 Rgg2 41. f4 Rge2 42. Rf3 h5 43. Ra3 Ke7 44. Bf5 Kf6 45. Rd3 Red2 46. Ra3 Rb2 47. Rc3 c5 48. Bc8 c4 49. e5+ Ke7 50. Bf5 Rb3 51. Rxb3 cxb3 52. Kg3 b2 53. Be4 Re2 54. Kf3 Rxe4 0-1

[Event "BCF-chT4S 1819 (4NCL)"]
[Site "England"]
[Date "2018.11.17"]
[Round "1.99"]
[White "Tathare, Sandesh"]
[Black "Jamieson, Ian M"]
[Result "0-1"]
[WhiteElo "1487"]
[BlackElo "1967"]
[PlyCount "82"]
[EventDate "2018.11.17"]
[EventType "team-swiss"]
[EventRounds "11"]
[EventCountry "ENG"]
[SourceTitle "EXT 2021"]
[Source "ChessBase"]
[SourceDate "2020.10.23"]
[SourceVersion "1"]
[SourceVersionDate "2020.10.23"]
[SourceQuality "1"]
[WhiteTeam "Watford II"]
[BlackTeam "Shropshire II"]
[WhiteTeamCountry "ENG"]
[BlackTeamCountry "ENG"]

1. e4 Nf6 2. e5 Nd5 3. Bc4 Nb6 4. Bb3 d5 5. d4 Bf5 6. Ne2 e6 7. Nd2 c5 8. c3 Nc6 9. Bc2 Bxc2 10. Qxc2 cxd4 11. cxd4 Rc8 12. Qd1 f6 13. f4 Nb4 14. 0-0 Nc2 15. Nb3 Nxa1 16. Nxa1 f5 17. Nb3 Nc4 18. Nc3 Qd7 19. Qf3 Be7 20. Ne2 a5 21. Nd2 Nxd2 22. Bxd2 Qb5 23. Rb1 Rc2 24. Nc3 Qb6 25. Be3 Rxc3 26. Qe2 0-0 27. b3 Rfc8 28. Rb2 Ba3 29. Rb1 Bc1 30. Bf2 Bxf4 31. g4 fxg4 32. Qxg4 Rc1+ 33. Rxc1 Bxc1 34. Be1 Qc6 35. Bxa5 Ra8 36. Be1 Rxa2 37. Kf1 Qe8 38. Kg1 Qg6 39. h3 Be3+ 40. Kh1 Qxg4 41. hxg4 Ra1 0-1

[Event "Telford 4NCL op"]
[Site "Telford"]
[Date "2018.11.01"]
[Round "2"]
[White "Jamieson, Ian M"]
[Black "Mihalik, Agoston"]
[Result "0-1"]
[WhiteElo "1947"]
[BlackElo "2223"]
[PlyCount "82"]
[EventDate "2018.10.31"]
[EventType "swiss"]
[EventRounds "9"]
[EventCountry "ENG"]
[SourceTitle "CBM 187 Extra"]
[Source "ChessBase"]
[SourceDate "2018.11.04"]
[SourceVersion "1"]
[SourceVersionDate "2018.11.04"]
[SourceQuality "1"]

1. f4 d5 2. Nf3 c5 3. e3 Nf6 4. d3 g6 5. Be2 Bg7 6. 0-0 0-0 7. Nc3 d4 8. Ne4 Qb6 9. Nxf6+ Bxf6 10. e4 Nc6 11. Qe1 c4 12. f5 Nb4 13. Bh6 Bg7 14. Qh4 Bxh6 15. Qxh6 Qf6 16. e5 Qg7 17. Qxg7+ Kxg7 18. Nxd4 Rd8 19. f6+ exf6 20. exf6+ Kg8 21. c3 cxd3 22. Bf3 Nc2 23. Nxc2 dxc2 24. Be4 Bf5 25. Rxf5 gxf5 26. Bxc2 Rd2 27. Bxf5 Re8 28. Bg4 Rxb2 29. h3 Rb6 30. Bf3 Rc8 31. Rc1 Rc7 32. c4 Rxf6 33. a4 Ra6 34. Bd1 Rac6 35. Be2 b6 36. Rc3 Rd6 37. Rg3+ Kf8 38. Rg4 Rd2 39. Bf3 Ra2 40. Bd5 Rxa4 41. Rh4 b5 0-1

[Event "Telford 4NCL op-B 19th"]
[Site "Telford"]
[Date "2018.07.14"]
[Round "2"]
[White "Jamieson, Ian M"]
[Black "Lewis, Christopher"]
[Result "0-1"]
[WhiteElo "1944"]
[BlackElo "1856"]
[PlyCount "78"]
[EventDate "2018.07.13"]
[EventType "swiss"]
[EventRounds "5"]
[EventCountry "ENG"]
[SourceTitle "EXT 2019"]
[Source "ChessBase"]
[SourceDate "2018.10.10"]
[SourceVersion "1"]
[SourceVersionDate "2018.10.10"]
[SourceQuality "1"]

1. d4 d5 2. Nf3 Nf6 3. e3 e6 4. Bd3 Nbd7 5. b3 Be7 6. Bb2 0-0 7. 0-0 a6 8. Nbd2 b6 9. Ne5 Bb7 10. f4 Ne4 11. c4 f5 12. Ndf3 Nxe5 13. Nxe5 a5 14. Rc1 a4 15. cxd5 a3 16. Ba1 Bxd5 17. Bc4 c5 18. Qe2 Nf6 19. Rfd1 Qc7 20. Bc3 Qb7 21. Be1 Rfd8 22. Bh4 Rab8 23. Bb5 Bd6 24. h3 Ra8 25. Kh2 Rf8 26. Rg1 Ra5 27. Be1 Ra7 28. g4 fxg4 29. hxg4 Bxe5 30. dxe5 Bf3 31. Qc4 Nxg4+ 32. Kg3 Bd5 33. Qe2 Nxe5 34. fxe5 Rf3+ 35. Kh2 Qf7 36. Bh4 Qh5 37. Qe1 Raf7 38. e4 Rf2+ 39. Kh3 R7f3+ 0-1

[Event "Telford 4NCL op-B 19th"]
[Site "Telford"]
[Date "2018.07.13"]
[Round "1"]
[White "Bowman, Richard L"]
[Black "Jamieson, Ian M"]
[Result "0-1"]
[WhiteElo "1822"]
[BlackElo "1944"]
[PlyCount "86"]
[EventDate "2018.07.13"]
[EventType "swiss"]
[EventRounds "5"]
[EventCountry "ENG"]
[SourceTitle "EXT 2019"]
[Source "ChessBase"]
[SourceDate "2018.10.10"]
[SourceVersion "1"]
[SourceVersionDate "2018.10.10"]
[SourceQuality "1"]

1. d4 e6 2. Nd2 c5 3. e3 d5 4. c3 Nf6 5. Bd3 Nc6 6. f4 b6 7. Ngf3 Bb7 8. Qe2 g6 9. b3 Bg7 10. Bb2 0-0 11. h4 cxd4 12. h5 dxc3 13. Bxc3 d4 14. exd4 Nd5 15. Rc1 Nxf4 16. Qf1 Nxd3+ 17. Qxd3 Qd5 18. hxg6 hxg6 19. Bb2 e5 20. Ng5 Qxg2 21. Qh3 Qxh3 22. Rxh3 exd4 23. Ba3 Rfe8+ 24. Kf2 Rad8 25. Nc4 Bf8 26. Bxf8 Rxf8 27. Rch1 Na5 28. R1h2 Nxc4 29. bxc4 Kg7 30. Rh7+ Kf6 31. Nf3 Bxf3 32. Kxf3 Rc8 33. Ke4 Rxc4 34. Kd3 Ra4 35. Rf2+ Ke6 36. Re2+ Kd5 37. Rb2 Ra3+ 38. Kd2 Kc4 39. Rh4 f5 40. Rh7 f4 41. Rc7+ Kd5 42. Rd7+ Ke4 43. Re7+ Kf3 0-1

[Event "BCF-chT3N 1718 (4NCL)"]
[Site "England"]
[Date "2018.01.13"]
[Round "3.44"]
[White "Jamieson, Ian M"]
[Black "Cooper, David M"]
[Result "0-1"]
[WhiteElo "1961"]
[BlackElo "2018"]
[PlyCount "86"]
[EventDate "2017.11.11"]
[EventType "team-swiss"]
[EventRounds "11"]
[EventCountry "ENG"]
[SourceTitle "EXT 2020"]
[Source "ChessBase"]
[SourceDate "2019.10.17"]
[SourceVersion "1"]
[SourceVersionDate "2019.10.17"]
[SourceQuality "1"]
[WhiteTeam "Shropshire"]
[BlackTeam "Warwicks Select II"]
[WhiteTeamCountry "ENG"]
[BlackTeamCountry "ENG"]

1. b3 d5 2. Bb2 Nf6 3. e3 Bg4 4. Ne2 Nbd7 5. h3 Bxe2 6. Bxe2 e5 7. d3 Bd6 8. Nd2 0-0 9. c4 c6 10. Qc2 Qe7 11. a3 a5 12. Nf3 Rfc8 13. Nh4 g6 14. Nf3 b5 15. Nh2 bxc4 16. bxc4 Nc5 17. Ng4 Rcb8 18. Nxf6+ Qxf6 19. 0-0 Qe7 20. f4 exf4 21. exf4 Qe3+ 22. Rf2 Nb3 23. Rd1 Bc5 24. d4 Nxd4 25. Bxd4 Bxd4 26. Rxd4 Qxd4 27. f5 Rb2 28. Qd3 Qxd3 29. Bxd3 Rxf2 30. Kxf2 dxc4 31. Bxc4 Kg7 32. fxg6 hxg6 33. Ke3 Rd8 34. Bd3 f5 35. Kd2 c5 36. Kc3 Rd4 37. Bb5 Kf6 38. Bc6 Ke5 39. Be8 g5 40. Bc6 Kf4 41. Bb7 Kg3 42. Bc8 Rf4 43. Bb7 Rf2 0-1

[Event "BCF-chT3 1415 (4NCL)"]
[Site "England"]
[Date "2015.05.03"]
[Round "11.99"]
[White "Jamieson, Ian M"]
[Black "Truman, Richard G"]
[Result "1/2-1/2"]
[WhiteElo "1952"]
[BlackElo "1973"]
[PlyCount "138"]
[EventDate "2015.03.21"]
[EventType "team-swiss"]
[EventRounds "11"]
[EventCountry "ENG"]
[SourceTitle "EXT 2016"]
[Source "ChessBase"]
[SourceDate "2015.10.08"]
[SourceVersion "1"]
[SourceVersionDate "2015.10.08"]
[SourceQuality "1"]
[WhiteTeam "Cheddleton II"]
[BlackTeam "e2e4.org.uk III"]
[WhiteTeamCountry "ENG"]
[BlackTeamCountry "ENG"]

1. b3 Nf6 2. Bb2 g6 3. Bxf6 exf6 4. d4 Bg7 5. Nf3 d5 6. e3 0-0 7. Be2 c5 8. c3 b6 9. 0-0 Nc6 10. Nbd2 Be6 11. a3 Qd7 12. Ne1 Qe7 13. Nd3 a5 14. Nf4 Bh6 15. g3 Rad8 16. Bf3 g5 17. Ng2 f5 18. Re1 Qc7 19. Nf1 Kh8 20. Ra2 Rg8 21. Be2 Ne7 22. Bd3 Qd7 23. b4 c4 24. Bb1 Ng6 25. Qh5 Bf8 26. Qxg5 Be7 27. Qh5 Rg7 28. Nf4 Bd6 29. Kh1 Rdg8 30. Nd2 Ne7 31. Nf3 Nc6 32. Qh3 Rg4 33. Nh4 Ne7 34. f3 R4g5 35. Qf1 Ng6 36. Nhg2 Nxf4 37. Nxf4 Bxf4 38. exf4 Rh5 39. Qf2 Rh3 40. Kg2 Rh6 41. Rg1 Qd6 42. Kf1 Bd7 43. Bc2 Qe6 44. Bd1 Rhg6 45. Re2 Qd6 46. Rg2 h5 47. Qe1 h4 48. Re7 Be6 49. Qe5+ Qxe5 50. fxe5 axb4 51. cxb4 hxg3 52. hxg3 Rxg3 53. Rh2+ Kg7 54. Kf2 f4 55. Rb7 Bf5 56. e6 Bxe6 57. Bc2 Bh3 58. Rxb6 Re8 59. Rd6 Re3 60. Bd1 Rxa3 61. Rxd5 Ra2+ 62. Be2 c3 63. Rc5 c2 64. b5 Rb2 65. b6 Bf5 66. Rh1 Bd3 67. Rc1 Bxe2 68. Kxe2 Rg2+ 69. Kd3 Rxb6 1/2-1/2

[Event "BCF-chT3 1415 (4NCL)"]
[Site "England"]
[Date "2015.05.02"]
[Round "9.49"]
[White "Pattinson, John"]
[Black "Jamieson, Ian M"]
[Result "1/2-1/2"]
[WhiteElo "1898"]
[BlackElo "1952"]
[PlyCount "98"]
[EventDate "2015.03.21"]
[EventType "team-swiss"]
[EventRounds "11"]
[EventCountry "ENG"]
[SourceTitle "EXT 2016"]
[Source "ChessBase"]
[SourceDate "2015.10.08"]
[SourceVersion "1"]
[SourceVersionDate "2015.10.08"]
[SourceQuality "1"]
[WhiteTeam "e2e4.org.uk V"]
[BlackTeam "Cheddleton III"]
[WhiteTeamCountry "ENG"]
[BlackTeamCountry "ENG"]

1. c4 b6 2. Nc3 Bb7 3. e4 e6 4. d3 c5 5. Nf3 Nc6 6. g3 d6 7. Bg2 Nf6 8. a3 Be7 9. 0-0 0-0 10. Rb1 a5 11. Re1 e5 12. Nd5 Nxd5 13. exd5 Nb8 14. Bd2 Bc8 15. b4 axb4 16. axb4 Bf5 17. Bc3 Ra3 18. Qd2 Nd7 19. b5 Qc7 20. Ra1 Rfa8 21. Rxa3 Rxa3 22. Ra1 Qa7 23. Rxa3 Qxa3 24. Bf1 h6 25. Qc2 Bh7 26. Nd2 f5 27. Bh3 Bf6 28. Nb1 Qa7 29. f3 Nf8 30. Bg2 Qf7 31. Nd2 Bg5 32. Nf1 Qg6 33. Kf2 Nd7 34. Bd2 Bxd2 35. Qxd2 Qe8 36. Qe2 Nf6 37. Nd2 Kf8 38. Ke1 g5 39. g4 f4 40. Ne4 Bxe4 41. dxe4 Qa8 42. Bf1 Kg7 43. Kf2 Qa3 44. Kg2 Ng8 45. h3 Ne7 46. Qd3 Qa1 47. Qe2 Ng6 48. Kh2 Nh8 49. Kg2 Nf7 1/2-1/2

[Event "BCF-chT3N 1415 (4NCL)"]
[Site "England"]
[Date "2015.02.14"]
[Round "5.70"]
[White "Mort, Andrew J"]
[Black "Jamieson, Ian M"]
[Result "1/2-1/2"]
[WhiteElo "1961"]
[BlackElo "1952"]
[PlyCount "58"]
[EventDate "2014.11.15"]
[EventType "team-swiss"]
[EventRounds "6"]
[EventCountry "ENG"]
[SourceTitle "EXT 2016"]
[Source "ChessBase"]
[SourceDate "2015.10.08"]
[SourceVersion "1"]
[SourceVersionDate "2015.10.08"]
[SourceQuality "1"]
[WhiteTeam "Spirit of Atticus II"]
[BlackTeam "Cheddleton II"]
[WhiteTeamCountry "ENG"]
[BlackTeamCountry "ENG"]

1. c4 b6 2. Nc3 Bb7 3. e4 e6 4. Nf3 Bb4 5. Bd3 Bxc3 6. dxc3 d6 7. 0-0 Nd7 8. Re1 e5 9. Nd2 Ne7 10. Nf1 Ng6 11. Ng3 Ngf8 12. b4 Ne6 13. Nf5 g6 14. Ng3 h5 15. Nf1 Qf6 16. Ne3 Qg7 17. c5 dxc5 18. Qa4 0-0 19. Nd5 Nb8 20. b5 Re8 21. Bc4 c6 22. Ne3 a6 23. bxa6 Nxa6 24. Bxe6 Rxe6 25. Qb3 b5 26. a4 Rb8 27. axb5 cxb5 28. Nd5 Bc8 29. Bg5 Kh7 1/2-1/2

[Event "Commonwealth-ch"]
[Site "Glasgow"]
[Date "2014.07.08"]
[Round "9"]
[White "Jamieson, Ian M"]
[Black "Curran, Andrew Daniel"]
[Result "1-0"]
[WhiteElo "1982"]
[BlackElo "1666"]
[PlyCount "59"]
[EventDate "2014.06.30"]
[EventType "swiss"]
[EventRounds "9"]
[EventCountry "SCO"]
[SourceTitle "CBM 161 Extra"]
[Source "ChessBase"]
[SourceDate "2014.08.29"]
[SourceVersion "1"]
[SourceVersionDate "2014.08.29"]
[SourceQuality "1"]

1. f4 e5 2. fxe5 d6 3. exd6 Bxd6 4. Nf3 g5 5. g3 g4 6. Nh4 Ne7 7. d3 Ng6 8. Ng2 h5 9. Be3 h4 10. gxh4 Nxh4 11. Nc3 Nxg2+ 12. Bxg2 Rxh2 13. Rxh2 Bxh2 14. Kd2 c6 15. Qh1 g3 16. Bf4 Qf6 17. Rf1 Qg7 18. Rf3 Be6 19. Qe1 Na6 20. Bxg3 Qh6+ 21. e3 Bxg3 22. Qxg3 0-0-0 23. Qf4 Qxf4 24. Rxf4 Rh8 25. Rf2 Rh2 26. Ne2 Bg4 27. Nf4 Nc7 28. d4 Kd7 29. Nd3 f5 30. Bxc6+ 1-0

[Event "Commonwealth-ch"]
[Site "Glasgow"]
[Date "2014.07.07"]
[Round "8"]
[White "Smith, Stephen H"]
[Black "Jamieson, Ian M"]
[Result "1-0"]
[WhiteElo "1800"]
[BlackElo "1982"]
[PlyCount "105"]
[EventDate "2014.06.30"]
[EventType "swiss"]
[EventRounds "9"]
[EventCountry "SCO"]
[SourceTitle "CBM 161 Extra"]
[Source "ChessBase"]
[SourceDate "2014.08.29"]
[SourceVersion "1"]
[SourceVersionDate "2014.08.29"]
[SourceQuality "1"]

1. e4 Nf6 2. e5 Nd5 3. d4 d6 4. c4 Nb6 5. exd6 exd6 6. Nf3 Bg4 7. Be2 Be7 8. 0-0 0-0 9. Nc3 Nc6 10. b3 Re8 11. Be3 Bf6 12. Rc1 Bh5 13. Re1 Bg6 14. Bd3 Qd7 15. Bxg6 hxg6 16. c5 Nc8 17. Nd5 N8e7 18. Nxf6+ gxf6 19. d5 Ne5 20. Nxe5 fxe5 21. Bg5 Kg7 22. c6 bxc6 23. Bxe7 Rxe7 24. Rxc6 Qc8 25. Qc2 Qb7 26. Re4 Qb5 27. Qc4 Rb8 28. Kf1 Qxc4+ 29. Rexc4 Rb7 30. Ra4 f5 31. Rca6 Kf6 32. Rxa7 Rxa7 33. Rxa7 e4 34. a4 Ke5 35. Ra5 Re8 36. Rb5 Kd4 37. a5 Ra8 38. Ke2 g5 39. f3 Ra7 40. fxe4 Kxe4 41. h3 Ra8 42. Kf2 Kd4 43. Kf3 Re8 44. a6 Ra8 45. Ra5 Ra7 46. g3 Kc3 47. h4 gxh4 48. gxh4 Kxb3 49. h5 Kb4 50. Ra1 Kc5 51. h6 Kxd5 52. Kf4 c5 53. Kxf5 1-0

[Event "Commonwealth-ch"]
[Site "Glasgow"]
[Date "2014.06.30"]
[Round "1"]
[White "Jamieson, Ian M"]
[Black "Van Zyl Rudd, Jack"]
[Result "1-0"]
[WhiteElo "1982"]
[BlackElo "1481"]
[PlyCount "61"]
[EventDate "2014.06.30"]
[EventType "swiss"]
[EventRounds "9"]
[EventCountry "SCO"]
[SourceTitle "CBM 161 Extra"]
[Source "ChessBase"]
[SourceDate "2014.08.29"]
[SourceVersion "1"]
[SourceVersionDate "2014.08.29"]
[SourceQuality "1"]

1. b3 Nf6 2. Bb2 b6 3. e3 Bb7 4. f4 d5 5. Nf3 Nbd7 6. Be2 e6 7. 0-0 Be7 8. Qe1 0-0 9. Nc3 c5 10. Nd1 Ne4 11. d3 Nd6 12. Qg3 Nf5 13. Qh3 Bf6 14. c3 Ba6 15. g4 Nd6 16. g5 Be7 17. Nf2 c4 18. dxc4 dxc4 19. Rad1 Qc7 20. Ng4 Nc5 21. Nd4 Bb7 22. Ne5 cxb3 23. axb3 Be4 24. c4 a5 25. Qg3 Rfe8 26. Qe1 Bf8 27. Ng4 Nd7 28. Nf3 Bc2 29. Rxd6 Qxd6 30. Qc3 Bf5 31. Nh6+ 1-0

[Event "BCF-chT3 1314 (4NCL)"]
[Site "England"]
[Date "2014.05.03"]
[Round "9.178"]
[White "Kreuzer, Christopher RL"]
[Black "Jamieson, Ian M"]
[Result "1/2-1/2"]
[WhiteElo "1923"]
[BlackElo "1982"]
[PlyCount "147"]
[EventDate "2013.11.16"]
[EventType "team-swiss"]
[EventRounds "11"]
[EventCountry "ENG"]
[SourceTitle "EXT 2015"]
[Source "ChessBase"]
[SourceDate "2014.11.20"]
[SourceVersion "1"]
[SourceVersionDate "2014.11.20"]
[SourceQuality "1"]
[WhiteTeam "Cambridge III"]
[BlackTeam "Cheddleton II"]
[WhiteTeamCountry "ENG"]
[BlackTeamCountry "ENG"]

1. e4 e6 2. d4 d5 3. Nd2 dxe4 4. Nxe4 Be7 5. Nf3 Nf6 6. Bd3 Nbd7 7. 0-0 0-0 8. Qe2 c5 9. Nxf6+ Bxf6 10. Qe4 g6 11. Bh6 Re8 12. c3 Qb6 13. b3 Bh8 14. Ne5 Nxe5 15. dxe5 Bd7 16. Bg5 Qc6 17. f4 Bg7 18. Rad1 Rec8 19. Qe2 Be8 20. Be4 Qc7 21. Qf3 Rab8 22. Rd2 b5 23. Rfd1 a5 24. a3 Bf8 25. Bf6 b4 26. axb4 cxb4 27. cxb4 axb4 28. h4 Be7 29. Bxe7 Qxe7 30. h5 Rc3 31. Rd3 Rbc8 32. hxg6 hxg6 33. Rxc3 bxc3 34. Rc1 Qa3 35. Qd1 Qb4 36. Qc2 Qd4+ 37. Kh2 Bb5 38. g3 Kg7 39. Rd1 Qc5 40. Kg2 Bc6 41. Bf3 Bd5 42. Bxd5 exd5 43. f5 d4 44. f6+ Kg8 45. Qe4 Qc6 46. Kf3 c2 47. Rc1 Qc3+ 48. Ke2 Rd8 49. Qd3 Qc5 50. Rxc2 Qxe5+ 51. Kf1 Qxf6+ 52. Rf2 Qd6 53. Rf4 Rd7 54. Kg2 Kg7 55. Kf2 Qd5 56. Qc4 Qe5 57. Qd3 f5 58. b4 Rd5 59. Qe2 Qd6 60. Qd2 d3 61. Rf3 Qb6+ 62. Re3 Qd4 63. Kg2 Kf6 64. b5 g5 65. b6 f4 66. Rf3 Qe4 67. b7 Rb5 68. Qc3+ Kf5 69. Qc8+ Qe6 70. Qxe6+ Kxe6 71. Rxd3 Rxb7 72. gxf4 gxf4 73. Kf3 Ke5 74. Ra3 1/2-1/2

[Event "BCF-chT3 1314 (4NCL)"]
[Site "England"]
[Date "2014.03.23"]
[Round "8.235"]
[White "Burton, Graham P"]
[Black "Jamieson, Ian M"]
[Result "0-1"]
[WhiteElo "2043"]
[BlackElo "1982"]
[PlyCount "100"]
[EventDate "2013.11.16"]
[EventType "team-swiss"]
[EventRounds "11"]
[EventCountry "ENG"]
[SourceTitle "EXT 2015"]
[Source "ChessBase"]
[SourceDate "2014.11.20"]
[SourceVersion "1"]
[SourceVersionDate "2014.11.20"]
[SourceQuality "1"]
[WhiteTeam "3CS Oldham II"]
[BlackTeam "Cheddleton III"]
[WhiteTeamCountry "ENG"]
[BlackTeamCountry "ENG"]

1. e4 e6 2. d4 d5 3. e5 c5 4. c3 Nc6 5. Nf3 f6 6. Be2 Qc7 7. 0-0 fxe5 8. dxe5 Nxe5 9. Nxe5 Qxe5 10. Bb5+ Kf7 11. Re1 Qc7 12. Bg5 Nf6 13. Bxf6 gxf6 14. Qh5+ Kg8 15. Nd2 Qf7 16. Qe2 a6 17. Bd3 Bd7 18. c4 h5 19. h4 Rh6 20. Qf3 Bc6 21. cxd5 Bxd5 22. Be4 Rd8 23. Rac1 b5 24. Nf1 c4 25. Ng3 Bc5 26. Qf4 Rh8 27. Bxd5 Rxd5 28. Rcd1 Bd6 29. Qf3 Bxg3 30. Qxg3+ Kh7 31. Rxd5 exd5 32. Qf4 Rd8 33. Qf5+ Kg7 34. Re3 d4 35. Rg3+ Kf8 36. Qc5+ Ke8 37. Qc6+ Ke7 38. Qc7+ Rd7 39. Qc5+ Rd6 40. Qc7+ Ke6 41. Qc8+ Ke5 42. Rf3 Qe6 43. Qh8 Kd5 44. Qxh5+ Kc6 45. Qh8 d3 46. Qa8+ Kc5 47. Qa7+ Kb4 48. a3+ Kb3 49. Qc5 Qe1+ 50. Kh2 Qe5+ 0-1

[Event "BCF-chT3N 1314 (4NCL)"]
[Site "England"]
[Date "2014.02.08"]
[Round "5.85"]
[White "Henderson, David"]
[Black "Jamieson, Ian M"]
[Result "1-0"]
[WhiteElo "2073"]
[BlackElo "1986"]
[PlyCount "81"]
[EventDate "2013.11.16"]
[EventType "team-swiss"]
[EventRounds "6"]
[EventCountry "ENG"]
[SourceTitle "EXT 2015"]
[Source "ChessBase"]
[SourceDate "2014.11.20"]
[SourceVersion "1"]
[SourceVersionDate "2014.11.20"]
[SourceQuality "1"]
[WhiteTeam "North East England II"]
[BlackTeam "Cheddleton III"]
[WhiteTeamCountry "ENG"]
[BlackTeamCountry "ENG"]

1. e4 e6 2. d4 d5 3. e5 c5 4. c3 Ne7 5. Bd3 Nec6 6. Nf3 b6 7. 0-0 Ba6 8. Bf4 Bxd3 9. Qxd3 c4 10. Qe2 Nd7 11. Ng5 h6 12. Nxe6 fxe6 13. Qh5+ Ke7 14. Bg5+ hxg5 15. Qxh8 Qe8 16. Qh7 Kd8 17. Nd2 Ne7 18. Nf3 g4 19. Ng5 Nf5 20. Qg8 Kc8 21. Qxe6 Qxe6 22. Nxe6 b5 23. f3 g3 24. hxg3 Nxg3 25. Rfe1 a5 26. Kf2 Nf5 27. g4 Nh6 28. Kg3 Ra6 29. Nf4 Nb6 30. Ng6 Nd7 31. e6 Bd6+ 32. Kg2 Nf6 33. g5 Ne8 34. gxh6 gxh6 35. Rh1 b4 36. Rh5 bxc3 37. bxc3 Ba3 38. Re1 Rd6 39. Rxh6 Bb2 40. Rh8 Kd8 41. e7+ 1-0